00322nam a2200097Ia 4500100002700000650001600027245011700043260003300160300000800193546002300201 aKajale/S.R/ Ingle/R.B  aProceedings aProceedings of International conference on advances in Machine Design and industry automation 10-12 January 2007 bTata Mc Graw hill Ltd.c2007 a599 aENGLISHcInfo.Tech